Welcome to the Holygrace Academy Library

Please use search bar below to get started

GOLDILOCKS AND THE THREE BEARS (Record no. 5666)

MARC details
000 -LEADER
fixed length control field 00350nam a22001577a 4500
020 ## - INTERNATIONAL STANDARD BOOK NUMBER
ISBN 81-8275-315-5
082 ## - DEWEY DECIMAL CLASSIFICATION NUMBER
Classification number 823
Item number SHI/G
100 ## - MAIN ENTRY--AUTHOR NAME
Personal name SHILPI
100 ## - MAIN ENTRY--AUTHOR NAME
Personal name DEEPTI
245 ## - TITLE STATEMENT
Title GOLDILOCKS AND THE THREE BEARS
260 ## - PUBLICATION, DISTRIBUTION, ETC. (IMPRINT)
Place of publication DELHI
Name of publisher MY KIDS WORLD
300 ## - PHYSICAL DESCRIPTION
Number of Pages 16
520 ## - SUMMARY, ETC.
Summary, etc ENGLISH SHORT STORY
650 ## - SUBJECT ADDED ENTRY--TOPICAL TERM
Topical Term ENGLISH SHORT STORY
942 ## - ADDED ENTRY ELEMENTS (KOHA)
Koha item type Books
Holdings
Withdrawn status Lost status Collection code Home library Current library Shelving location Date acquired Source of acquisition Cost, normal purchase price Full call number Accession Number Koha item type
    Fiction Main Library Main Library SHELF 3- J- ENGLISH CHILDRENS LITERATURE &MYTHOLOGY 07/05/2011 PURCHASE 20.00 823 SHI/G 05861 Books
    Fiction Main Library Main Library SHELF 3- J- ENGLISH CHILDRENS LITERATURE &MYTHOLOGY 07/05/2011 PURCHASE 20.00 823 SHI/G 05862 Books